Multinational corporations and the control of culture : The ideological apparatuses of imperialism

में बचाया:
ग्रंथसूची विवरण
मुख्य लेखक: Mattelart, Armand
स्वरूप: पुस्तक
भाषा:Undetermined
प्रकाशित: Sussex,Atlantic Highlands, N.J. Harvester Press,Humanities Press, 1979
विषय:
टैग : टैग जोड़ें
कोई टैग नहीं, इस रिकॉर्ड को टैग करने वाले पहले व्यक्ति बनें!
Thư viện lưu trữ: Trung tâm Học liệu Trường Đại học Cần Thơ
LEADER 00709nam a2200205Ia 4500
001 CTU_87719
008 210402s9999 xx 000 0 und d
082 |a 301.161 
082 |b M435 
100 |a Mattelart, Armand 
245 0 |a Multinational corporations and the control of culture : 
245 4 |b The ideological apparatuses of imperialism 
245 0 |c Armand Mattelart ; translated from the French by Michael Chanan. 
260 |a Sussex,Atlantic Highlands, N.J. 
260 |b Harvester Press,Humanities Press, 
260 |c 1979 
650 |a Mass media,International business enterprises 
650 |x Social aspects 
904 |i Năm 
980 |a Trung tâm Học liệu Trường Đại học Cần Thơ